Humanismo y educación: Seducción del futuro (Registro nro. 19250)
[ vista simple ]
| 000 -CABECERA | |
|---|---|
| campo de control de longitud fija | 00521nam a22001817a 4500 |
| 003 - IDENTIFICADOR DEL NÚMERO DE CONTROL | |
| campo de control | OSt |
| 005 - FECHA Y HORA DE LA ÚLTIMA TRANSACCIÓN | |
| campo de control | 20260415095231.0 |
| 008 - DATOS DE LONGITUD FIJA--INFORMACIÓN GENERAL | |
| campo de control de longitud fija | 260415b |||||||| |||| 00| 0 eng d |
| 020 ## - NÚMERO INTERNACIONAL ESTÁNDAR DEL LIBRO | |
| Número Internacional Estándar del Libro | 980-oo-2133-7 |
| 040 ## - FUENTE DE LA CATALOGACIÓN | |
| Centro catalogador/agencia de origen | Fevp |
| Lengua de catalogación | Español |
| Centro/agencia transcriptor | Fevp |
| 082 ## - NÚMERO DE LA CLASIFICACIÓN DECIMAL DEWEY | |
| Número de edición | Primera |
| Número de clasificación | 370.987 B689 |
| 100 ## - ENTRADA PRINCIPAL--NOMBRE DE PERSONA | |
| Nombre de persona | Bolívar, Adriana; Manterola, Carlos; Ramos, Consuelo |
| 245 ## - MENCIÓN DE TÍTULO | |
| Título | Humanismo y educación: Seducción del futuro |
| 250 ## - MENCIÓN DE EDICIÓN | |
| Mención de edición | Fundayacucho |
| 260 ## - PUBLICACIÓN, DISTRIBUCIÓN, ETC. | |
| Lugar de publicación, distribución, etc. | Caracas |
| Fecha de publicación, distribución, etc. | 2004 |
| 300 ## - DESCRIPCIÓN FÍSICA | |
| Extensión | 324p. |
| Otras características físicas | Tapa blanda |
| Dimensiones | 22x15 cm. |
| 942 ## - ELEMENTOS DE PUNTO DE ACCESO ADICIONAL (KOHA) | |
| Fuente del sistema de clasificación o colocación | Dewey Decimal Classification |
| Tipo de ítem Koha | Libro |
| Estado de retiro | Estado de pérdida | Fuente del sistema de clasificación o colocación | Estado dañado | No para préstamo | Localización permanente | Ubicación/localización actual | Fecha de adquisición | Enumeración/cronología de publicación seriada | Total de préstamos | Signatura topográfica completa | Fecha visto por última vez | Precio válido a partir de | Tipo de ítem Koha |
|---|---|---|---|---|---|---|---|---|---|---|---|---|---|
| Dewey Decimal Classification | Oscar Varsavsky | Oscar Varsavsky | 15.04.2026 | 2004 | 370.987 B689 | 15.04.2026 | 15.04.2026 | Libro |